Vanguards of globalization : (Record no. 84413)

MARC details
000 -LEADER
fixed length control field 00700nam a22002057a 4500
005 - DATE AND TIME OF LATEST TRANSACTION
control field 20140728152309.0
010 ## - LCCN (DPL NO)
LC control number ENG-110049
020 ## - INTERNATIONAL STANDARD BOOK NUMBER
International Standard Book Number 9789380607948
Terms of availability 1295.00
035 ## - SYSTEM CONTROL NUMBER
System control number EN-93582
037 ## - SOURCE OF ACQUISITION
Source of stock number/acquisition DBAD/PUB
082 ## - DEWEY DECIMAL CLASSIFICATION NUMBER
Classification number 387.1
245 ## - TITLE STATEMENT
Title Vanguards of globalization :
Statement of responsibility, etc edited by Rila Mukherjee
Remainder of title port-cities from the classical to the modern /
260 ## - PUBLICATION, DISTRIBUTION, ETC. (IMPRINT)
Place of publication, distribution, etc Delhi
Name of publisher, distributor, etc Primus Books
Date of publication, distribution, etc 2014
270 ## - ADDRESS
Address Virat Bhavan ,Mukherjee Nagar Commercial Complex
City Delhi
Postal code 110009
300 ## - PHYSICAL DESCRIPTION
Extent xvi,425p. :
Other physical details ill.,maps
Dimensions 24cm(Hb)
490 ## - SERIES STATEMENT
Series statement Issues in history
500 ## - GENERAL NOTE
General note Includes bibliographical references and index
700 ## - ADDED ENTRY--PERSONAL NAME
Personal name Mukherjee, Rila
942 ## - ADDED ENTRY ELEMENTS (KOHA)
Source of classification or shelving scheme Dewey Decimal Classification
Item type English Books
Call number suffix VAN
Classification part 387.1
Holdings
Withdrawn status Lost status Not for loan Collection code Home library Current library Date acquired Source of acquisition Cost, normal purchase price Full call number Barcode Copy number Cost, replacement price Koha item type
    Not For Loan Non-fiction D.B.Act.Division D.B.Act.Division 21/05/2014 DBAD/PUB 1295.00 VAN EN-93582 1 1295.00 English Books

© Delhi Public Library
Hit Counter
free hit counter